[Event "Belgrade Spring Open 2021"]
[Site "Belgrade"]
[Date "2021.04.04"]
[Round "4.4"]
[White "Ozsakallioglu, Okan"]
[Black "Thybo, Jesper Sondergaard"]
[Result "1/2-1/2"]
[WhiteElo "2249"]
[BlackElo "2568"]
[Annotator "ChessBase"]
[PlyCount "181"]
[EventDate "2021.04.02"]
[EventType "swiss"]
[EventCountry "SRB"]
[SourceTitle "playchess.com"]
[Source "ChessBase"]
[SourceQuality "1"]
[TimeControl "5400+30"]

1. e4 {[%emt 0:07:14]} c6 {[%emt 0:00:00]} 2. d4 {[%emt 0:00:15]} d5 {[%emt 0:00:00]} 3. exd5 {[%emt 0:00:28]} cxd5 {[%emt 0:00:00]} 4. c4 {[%emt 0:00:04]} Nf6 {[%emt 0:01:11]} 5. Nc3 {[%emt 0:01:39]} g6 {[%emt 0:03:44]} 6. Nf3 {[%emt 0:06:23]} Bg7 {[%emt 0:00:55]} 7. h3 {[%emt 0:05:36]} O-O {[%emt 0:01:15]} 8. Be2 {[%emt 0:00:27]} dxc4 {[%emt 0:18:14]} 9. Bxc4 {[%emt 0:00:13]} b6 {[%emt 0:00:19]} 10. O-O {[%emt 0:09:09]} Bb7 {[%emt 0:03:24]} 11. Be3 {[%emt 0:07:59]} Nc6 {[%emt 0:01:25]} 12. Qe2 {[%emt 0:00:20]} Nb4 {[%emt 0:05:51]} 13. a3 {[%emt 0:08:09]} Nbd5 {[%emt 0:00:19]} 14. Rac1 {[%emt 0:00:24]} Nxc3 {[%emt 0:10:33]} 15. Rxc3 {[%emt 0:02:14]} Nd5 {[%emt 0:01:26]} 16. Rc2 {[%emt 0:02:19]} Rc8 {[%emt 0:03:38]} 17. Rfc1 {[%emt 0:00:18]} e6 {[%emt 0:01:44]} 18. Bg5 {[%emt 0:09:15]} Qd6 {[%emt 0:04:27]} 19. Ba6 {[%emt 0:00:15]} Rxc2 {[%emt 0:03:22]} 20. Rxc2 {[%emt 0:00:40]} Ba8 {[%emt 0:01:41]} 21. Qd2 {[%emt 0:07:11]} Nc7 {[%emt 0:01:56]} 22. Be2 {[%emt 0:00:05]} Bxf3 {[%emt 0:01:11]} 23. Bxf3 {[%emt 0:01:38]} Nb5 {[%emt 0:00:02]} 24. d5 {[%emt 0:00:27]} Nd4 {[%emt 0:02:36]} 25. dxe6 {[%emt 0:00:55]} Qxe6 {[%emt 0:03:12]} 26. Rc7 {[%emt 0:00:23]} Nxf3+ {[%emt 0:05:38]} 27. gxf3 {[%emt 0:00:06]} Qxh3 {[%emt 0:00:36]} 28. Qe2 {[%emt 0:08:24]} Bd4 {[%emt 0:08:59]} 29. Bf4 {[%emt 0:05:13]} Qh4 {[%emt 0:07:38]} 30. Bh2 {[%emt 0:00:06]} b5 {[%emt 0:02:21]} 31. Kg2 {[%emt 0:00:13]} Qg5+ {[%emt 0:07:53]} 32. Bg3 {[%emt 0:00:08]} h5 {[%emt 0:00:00]} 33. Qe4 {[%emt 0:01:12]} Bf6 {[%emt 0:00:00]} 34. Kh3 {[%emt 0:05:56]} a6 {[%emt 0:00:00]} 35. b3 {[%emt 0:01:17]} Rd8 {[%emt 0:00:00]} 36. a4 {[%emt 0:04:05]} h4 {[%emt 0:00:00]} 37. Bh2 {[%emt 0:00:36]} Qd5 {[%emt 0:02:01]} 38. Qxd5 {[%emt 0:00:29]} Rxd5 {[%emt 0:00:01]} 39. Rc6 {[%emt 0:00:16]} Kg7 {[%emt 0:00:59]} 40. Rxa6 {[%emt 0:00:11]} Rd3 {[%emt 0:00:26]} 41. Kg2 {[%emt 0:04:36]} Rxb3 {[%emt 0:00:51]} 42. axb5 {[%emt 0:00:11]} Rxb5 {[%emt 0:00:01]} 43. Bf4 {[%emt 0:00:20]} Rb2 {[%emt 0:01:01]} 44. Be3 {[%emt 0:00:18]} Rc2 {[%emt 0:00:13]} 45. Kh3 {[%emt 0:00:29]} g5 {[%emt 0:00:26]} 46. Ra5 {[%emt 0:00:41]} Kg6 {[%emt 0:00:25]} 47. Ra6 {[%emt 0:00:05]} Rc4 {[%emt 0:00:38]} 48. Rb6 {[%emt 0:00:48]} Ra4 {[%emt 0:00:27]} 49. Rc6 {[%emt 0:00:15]} Kg7 {[%emt 0:00:41]} 50. Rc5 {[%emt 0:00:05]} Be7 {[%emt 0:00:34]} 51. Re5 {[%emt 0:01:27]} Bf6 {[%emt 0:00:41]} 52. Rc5 {[%emt 0:00:45]} Kg6 {[%emt 0:00:01]} 53. Rc6 {[%emt 0:00:11]} Rb4 {[%emt 0:00:34]} 54. Ra6 {[%emt 0:00:06]} Rb5 {[%emt 0:00:48]} 55. f4 {[%emt 0:01:41]} Kf5 {[%emt 0:00:08]} 56. fxg5 {[%emt 0:00:05]} Bxg5 {[%emt 0:00:03]} 57. Bxg5 {[%emt 0:01:53]} Kxg5 {[%emt 0:00:02]} 58. Ra3 {[%emt 0:01:18]} Rf5 {[%emt 0:00:48]} 59. Kg2 {[%emt 0:00:16]} Kg4 {[%emt 0:00:15]} 60. Ra4+ {[%emt 0:00:45]} Rf4 {[%emt 0:00:12]} 61. f3+ {[%emt 0:00:04]} Kg5 {[%emt 0:00:10]} 62. Ra8 {[%emt 0:00:20]} Rd4 {[%emt 0:01:44]} 63. Rg8+ {[%emt 0:01:57]} Kf5 {[%emt 0:00:01]} 64. Rh8 {[%emt 0:00:15]} Rf4 {[%emt 0:00:38]} 65. Kf2 {[%emt 0:00:24]} Kg6 {[%emt 0:01:16]} 66. Kg2 {[%emt 0:00:20]} f5 {[%emt 0:00:10]} 67. Rg8+ {[%emt 0:00:24]} Kf6 {[%emt 0:00:31]} 68. Rf8+ {[%emt 0:00:11]} Kg7 {[%emt 0:00:01]} 69. Rb8 {[%emt 0:00:07]} Kh6 {[%emt 0:01:00]} 70. Rh8+ {[%emt 0:00:13]} Kg6 {[%emt 0:00:22]} 71. Rg8+ {[%emt 0:00:05]} Kf6 {[%emt 0:00:25]} 72. Rf8+ {[%emt 0:00:06]} Ke7 {[%emt 0:00:02]} 73. Rh8 {[%emt 0:00:05]} Kf7 {[%emt 0:00:19]} 74. Rh6 {[%emt 0:00:06]} Kg7 {[%emt 0:00:10]} 75. Rb6 {[%emt 0:00:52]} Rd4 {[%emt 0:00:21]} 76. Kh3 {[%emt 0:00:10]} Rc4 {[%emt 0:00:18]} 77. Ra6 {[%emt 0:00:05]} Kf7 {[%emt 0:00:16]} 78. Rh6 {[%emt 0:00:10]} Rf4 {[%emt 0:00:10]} 79. Kg2 {[%emt 0:00:06]} Ke7 {[%emt 0:00:13]} 80. Ra6 {[%emt 0:00:09]} Rb4 {[%emt 0:00:34]} 81. Rh6 {[%emt 0:00:07]} Rb2+ {[%emt 0:00:28]} 82. Kh3 {[%emt 0:00:17]} Rf2 {[%emt 0:00:07]} 83. Ra6 {[%emt 0:00:33]} Rxf3+ {[%emt 0:00:53]} 84. Kxh4 {[%emt 0:00:05]} Rf1 {[%emt 0:00:14]} 85. Kg3 {[%emt 0:00:22]} Kf7 {[%emt 0:00:18]} 86. Rb6 {[%emt 0:00:07]} Re1 {[%emt 0:00:14]} 87. Kf4 {[%emt 0:00:09]} Re6 {[%emt 0:00:04]} 88. Rb5 {[%emt 0:00:03]} Rf6 {[%emt 0:00:10]} 89. Rxf5 {[%emt 0:00:05]} Ke6 {[%emt 0:00:03]} 90. Rxf6+ {[%emt 0:00:02]} Kxf6 {[%emt 0:00:06]} 91. Ke4 {[%emt 0:09:04]} 1/2-1/2

[Event "Belgrade Spring Open 2021"]
[Site "Belgrade"]
[Date "2021.04.04"]
[Round "4.5"]
[White "Lundin, Jan"]
[Black "Kaasen, Tor Fredrik"]
[Result "0-1"]
[WhiteElo "2188"]
[BlackElo "2397"]
[Annotator "TA"]
[PlyCount "142"]
[EventDate "2021.04.02"]
[EventType "swiss"]
[EventCountry "SRB"]
[SourceTitle "playchess.com"]
[Source "ChessBase"]
[SourceQuality "1"]

{[%evp 9,142,4,3,-25,-26,-16,0,0,19,-64,-24,-29,-47,-47,-38,-44,-50,-62,-63,-72,-65,-72,-71,-74,-77,-71,-67,-84,-78,-72,-81,-109,-97,-104,-100,-154,-82,-125,-112,-114,-64,-91,-72,-43,0,-133,-56,-55,0,0,0,-222,-235,-418,-421,-421,-421,-421,-415,-425,-424,-423,-424,-417,-417,-406,-407,-402,-398,-462,-461,-457,-437,-552,-559,-557,-546,-590,-590,-582,-577,-550,-471,-493,-471,-616,-618,-616,-616,-759,-710,-1214,-638,-927,-927,-839,-922,-927,-927,-927,-927,-779,-687,-687,-650,-697,-638,-627,-613,-667,-660,-653,-577,-579,-574,-564,-571,-496,-507,-652,-631,-917,-856,-2216,-2133,-29982,-29983,-29983,-29984,-29984,-29985,-29985,-29986,-29986,-29987]} 1. e4 c5 2. Nc3 d6 3. f4 g6 4. Nf3 Bg7 5. Bb5+ Bd7 6. Bc4 {B23: Closed Sicilian: Lines without g3.} Nc6 7. d3 e6 8. f5 {The position is equal.} gxf5 {[#]} 9. Bf4 $146 (9. O-O $11) ({Predecessor:} 9. exf5 d5 10. Bb3 Nge7 11. Bg5 f6 12. fxe6 Bxe6 13. Be3 b6 14. O-O Qd7 15. Ne2 {0-1 (64) Perunovic,M (2622)-Duda,J (2658) Berlin 2015}) 9... e5 (9... Qb6 $5 {[%cal Rb6b2]} 10. Nb5 Ne5 11. Bxe5 dxe5 $15) 10. Bg5 Bf6 {[%cal Rf6g5]} 11. Bxf6 Nxf6 12. exf5 Nd4 13. O-O Bc6 $1 14. Nxd4 cxd4 15. Ne4 d5 16. Nxf6+ Qxf6 17. Bb3 O-O-O 18. Qd2 Rhg8 19. Rae1 e4 20. Re2 Rg5 21. Qa5 Kb8 22. a4 (22. Qc5 $142) 22... Qd6 ({Better is} 22... Rdg8 23. Qe1 e3) 23. Qd2 e3 24. Qe1 Rdg8 25. Qh4 Rg4 26. Qxh7 f6 27. Qf7 (27. h3 $11 {remains equal.} Rg3 28. Qh4) 27... R4g7 (27... Rh8 $17 {[%csl Gh8][%cal Rd6h2]} 28. g3 Rf8) 28. Qh5 $15 Be8 (28... Rg5 $15 29. Qh4 Rg4) 29. Qf3 $1 $11 {[%cal Rf3d5]} Bf7 {Hoping for ...Rg5.} 30. c3 $2 {[#] Black keeps a firm grip on the game.} (30. Kh1 $1 $11) 30... Rg5 $1 $40 {[%mdl 128] Strongly threatening ...Bh5. Black is out for blood.} 31. cxd4 $2 (31. Rc2 e2 32. Qxe2 dxc3 33. d4) 31... Bh5 {[%mdl 64] Skewer} 32. Qxe3 {And now Ref2 would win.} Bxe2 33. Qxe2 Qb4 34. Bd1 Qxd4+ 35. Kh1 Rxg2 36. Qxg2 Rxg2 37. Kxg2 Qxb2+ {[%mdl 4096] Endgame KQ-KRB} 38. Rf2 Qd4 39. Bc2 Qg4+ 40. Kf1 Kc7 41. Bb3 Kd6 42. Bc2 Kc5 43. Ke1 Kd4 44. Bd1 Qg1+ 45. Ke2 Qg5 46. Rf3 Kc3 {[#] Threatens to win with ...Qd2+.} 47. Kf2 Kd2 48. Bb3 Qg4 49. d4 Qxd4+ 50. Kg3 Qe5+ 51. Kg4 Qe4+ 52. Kg3 Ke2 53. Rf2+ Ke1 54. Bc2 Qe3+ 55. Rf3 Qg5+ 56. Kh3 d4 57. Be4 Ke2 58. Rg3 Qh6+ 59. Kg4 Qg7+ 60. Kf4 Qc7+ 61. Kg4 Qe7 62. Bd3+ Kd2 63. h4 Qe8 64. Rh3 Qxa4 65. h5 {intending h6.} Qe8 66. Kf4 Qb8+ 67. Kg4 Qg8+ {Black mates.} 68. Kf3 Kxd3 69. h6 Qh7 70. Kf4+ Kc4 71. Ke4 d3 {Weighted Error Value: White=0.48/Black=0.19} 0-1

[Event "Belgrade Spring Open 2021"]
[Site "Belgrade"]
[Date "2021.04.04"]
[Round "4.6"]
[White "Jandric, Damjan"]
[Black "Abramovic, Bosko"]
[Result "1/2-1/2"]
[WhiteElo "2187"]
[BlackElo "2333"]
[Annotator "TA"]
[PlyCount "117"]
[EventDate "2021.04.02"]
[EventType "swiss"]
[EventCountry "SRB"]
[SourceTitle "playchess.com"]
[Source "ChessBase"]
[SourceQuality "1"]

{[%evp 12,117,12,8,12,10,14,17,31,25,65,9,15,13,18,16,18,0,60,59,55,56,57,54,55,35,90,70,61,69,80,13,12,13,14,8,15,0,4,4,10,0,0,8,8,3,13,13,11,13,18,15,13,13,27,27,31,10,17,13,18,0,4,0,17,0,0,0,0,0,0,0,7,0,25,17,1,0,0,0,0,0,0,0,0,0,0,0,0,0,0,0,0,0,0,0,0,0,0,0,0,0,0,0,0,0,0,0]} 1. e4 c5 2. Nf3 e6 3. g3 Nc6 4. Bg2 d6 5. O-O Nf6 6. Qe2 Be7 7. c3 O-O {C00: French: Unusual White 2nd moves.} 8. Rd1 d5 9. e5 {[#]} Ne8 $146 ({Predecessor:} 9... Nd7 10. d4 a5 11. a4 b6 12. Bf4 Ba6 13. Qd2 Rc8 14. h4 Qe8 15. Na3 cxd4 16. cxd4 {0-1 (35) Murzin,V (2478)-Grachev,B (2619) Moscow 2021}) 10. d4 Nc7 11. Bf4 ({Better is} 11. dxc5 $14 Bxc5 12. a4) 11... b6 $11 12. h4 Ba6 13. Qe3 Qd7 14. h5 Rfc8 (14... h6 $11) 15. h6 $14 g6 16. Bg5 cxd4 17. cxd4 Nb4 {[#] Strongly threatening ...Nc2.} 18. Rd2 Bf8 (18... Nb5 $14) 19. a3 Nc6 20. Rc2 Ne8 21. Nbd2 (21. Nc3 $16) 21... Na5 $11 22. Rac1 Rxc2 23. Rxc2 Rc8 24. Rc3 Rc7 25. Nb1 Qb5 26. Qc1 Rxc3 27. Nxc3 Qd3 28. Bf1 Qxf1+ 29. Qxf1 Bxf1 30. Kxf1 Nc4 31. Nd1 b5 32. Ke2 a6 33. Kd3 Nc7 34. g4 Na8 35. Bc1 Be7 36. g5 Kf8 37. Ne1 Ke8 38. Nc2 Kd7 39. b3 Na5 40. Kc3 Nc6 41. f4 Bd8 42. Nf2 Ne7 43. Ne3 Nf5 {The position is equal.} 44. Nxf5 exf5 {[%mdl 4096] Endgame KBN-KBN} 45. Nd3 {White wants to play Nc5+.} Be7 46. b4 Nc7 47. Be3 Kc6 48. Bc1 Ne6 49. Be3 Kb6 50. Kb3 a5 51. Kc3 a4 52. Bc1 Kc6 53. Be3 Bd8 54. Nc5 Nc7 55. Nd3 Na8 56. Bc1 Nb6 57. Ne1 Nc4 58. Nd3 Be7 59. Kc2 {Weighted Error Value: White=0.09/Black=0.07} 1/2-1/2

[Event "Belgrade Spring Open 2021"]
[Site "Belgrade"]
[Date "2021.04.04"]
[Round "4.7"]
[White "Kanov, Nikola"]
[Black "Milanovic, Slavisa"]
[Result "1/2-1/2"]
[WhiteElo "2140"]
[BlackElo "2301"]
[Annotator "RC"]
[PlyCount "24"]
[EventDate "2021.04.02"]
[EventType "swiss"]
[EventCountry "SRB"]
[SourceTitle "playchess.com"]
[Source "ChessBase"]
[SourceQuality "1"]
[TimeControl "5400+30"]

1. e4 {[%emt 0:00:00]} e6 {[%emt 0:00:00]} 2. d4 {[%emt 0:00:00]} d5 {[%emt 0:00:00]} 3. e5 {[%emt 0:00:00]} c5 {[%emt 0:00:04]} 4. c3 {[%emt 0:00:06]} Qb6 {[%emt 0:00:07]} 5. Nf3 {[%emt 0:00:05]} Nc6 {[%emt 0:00:05]} 6. Be2 {[%emt 0:00:05]} cxd4 {[%emt 0:00:12]} 7. cxd4 {[%emt 0:00:01]} Nh6 {[%emt 0:01:06]} 8. Nc3 {[%emt 0:00:17]} Nf5 {[%emt 0:00:07]} 9. Na4 {[%emt 0:00:15]} Qa5+ {[%emt 0:01:04]} 10. Nc3 {[%emt 0:00:22]} Qb6 {[%emt 0:07:14]} 11. Na4 {[%emt 0:00:05]} Qa5+ {[%emt 0:00:11]} 12. Nc3 {[%emt 0:00:09]} Qb6 {[%emt 0:01:02]} 1/2-1/2

[Event "Belgrade Spring Open 2021"]
[Site "Belgrade"]
[Date "2021.04.04"]
[Round "4.8"]
[White "Velickovic, Sasa"]
[Black "Janjic, Stefan"]
[Result "1/2-1/2"]
[WhiteElo "2274"]
[BlackElo "2176"]
[Annotator "ChessBase"]
[PlyCount "90"]
[EventDate "2021.04.02"]
[EventType "swiss"]
[EventCountry "SRB"]
[SourceTitle "playchess.com"]
[Source "ChessBase"]
[SourceQuality "1"]
[TimeControl "5400+30"]

1. e4 {[%emt 0:00:00]} e6 {[%emt 0:00:00]} 2. Qe2 {[%emt 0:02:51]} c5 {[%emt 0:01:15]} 3. g3 {[%emt 0:00:40]} Nc6 {[%emt 0:00:48]} 4. Bg2 {[%emt 0:00:58]} Nge7 {[%emt 1:29:57]} 5. c3 {[%emt 1:28:01]} g6 {[%emt 0:00:43]} 6. d3 {[%emt 1:25:36]} Bg7 {[%emt 0:00:24]} 7. h4 {[%emt 0:00:34]} h6 {[%emt 0:02:26]} 8. f4 {[%emt 0:08:27]} h5 {[%emt 1:27:33]} 9. Nh3 {[%emt 0:08:03]} b6 {[%emt 0:02:28]} 10. O-O {[%emt 0:02:58]} d5 {[%emt 0:06:18]} 11. f5 {[%emt 0:05:00]} gxf5 {[%emt 0:01:46]} 12. exf5 {[%emt 0:01:33]} Be5 {[%emt 0:05:49]} 13. fxe6 {[%emt 0:13:16]} Bxe6 {[%emt 0:01:01]} 14. Bf4 {[%emt 0:05:48]} Qd6 {[%emt 0:04:09]} 15. Na3 {[%emt 0:03:31]} Bg4 {[%emt 1:07:18]} 16. Qe1 {[%emt 0:09:07]} f6 {[%emt 0:05:27]} 17. Bxe5 {[%emt 0:02:23]} Nxe5 {[%emt 0:08:26]} 18. Nf4 {[%emt 0:01:02]} O-O-O {[%emt 0:05:35]} 19. d4 {[%emt 0:04:56]} N5g6 {[%emt 0:03:49]} 20. Nxg6 {[%emt 0:01:46]} Nxg6 {[%emt 0:00:14]} 21. Qf2 {[%emt 0:00:25]} f5 {[%emt 0:01:19]} 22. dxc5 {[%emt 0:00:23]} Qxc5 {[%emt 0:00:34]} 23. Nc2 {[%emt 0:02:07]} Qxf2+ {[%emt 0:30:10]} 24. Rxf2 {[%emt 0:00:45]} f4 {[%emt 0:00:55]} 25. gxf4 {[%emt 0:00:03]} Nxh4 {[%emt 0:00:34]} 26. Nd4 {[%emt 0:23:08]} Nxg2 {[%emt 0:01:59]} 27. Kxg2 {[%emt 0:03:33]} Rhg8 {[%emt 0:26:15]} 28. Re1 {[%emt 0:01:43]} Bf5+ {[%emt 0:05:05]} 29. Kh2 {[%emt 0:01:23]} Be4 {[%emt 0:00:59]} 30. Rg1 {[%emt 0:00:42]} Kd7 {[%emt 0:03:06]} 31. Rg3 {[%emt 0:04:58]} h4 {[%emt 0:05:45]} 32. Rxg8 {[%emt 0:00:18]} Rxg8 {[%emt 0:00:26]} 33. Kh3 {[%emt 0:00:14]} Rh8 {[%emt 0:00:55]} 34. Rh2 {[%emt 0:04:06]} Ke7 {[%emt 0:03:11]} 35. Kg4 {[%emt 0:02:46]} Kf6 {[%emt 0:00:42]} 36. a3 {[%emt 0:01:55]} Rh7 {[%emt 0:09:16]} 37. a4 {[%emt 0:01:54]} Rg7+ {[%emt 0:02:42]} 38. Kxh4 {[%emt 0:00:09]} Rg1 {[%emt 0:00:09]} 39. Re2 {[%emt 0:01:55]} Ra1 {[%emt 0:00:45]} 40. Kg3 {[%emt 0:00:33]} Rxa4 {[%emt 0:00:40]} 41. Kf2 {[%emt 0:00:44]} Ra1 {[%emt 0:01:05]} 42. Re1 {[%emt 0:01:13]} Ra2 {[%emt 0:05:13]} 43. Re2 {[%emt 0:00:07]} Ra1 {[%emt 0:00:02]} 44. Re1 {[%emt 0:01:05]} Ra2 {[%emt 0:00:03]} 45. Re2 {[%emt 0:00:05]} Ra1 {[%emt 0:00:05]} 1/2-1/2

[Event "Belgrade Spring Open 2021"]
[Site "Belgrade"]
[Date "2021.04.04"]
[Round "4.9"]
[White "Todorovic, Goran M"]
[Black "Dimitrijevic, Dusan"]
[Result "0-1"]
[WhiteElo "2406"]
[BlackElo "2092"]
[Annotator "TA"]
[PlyCount "60"]
[EventDate "2021.04.02"]
[EventType "swiss"]
[EventCountry "SRB"]
[SourceTitle "playchess.com"]
[Source "ChessBase"]
[SourceQuality "1"]

{[%evp 24,60,4,0,16,13,0,0,6,0,13,15,17,8,21,-48,-48,-48,-47,-62,-60,-247,-243,-555,-543,-780,-582,-722,-497,-495,-486,-511,-514,-614,-575,-583,-608,-593,-577]} 1. e4 e6 2. d4 d5 3. Nd2 Nf6 4. e5 Nfd7 5. c3 c5 6. Bd3 Nc6 7. Ne2 cxd4 8. cxd4 f6 9. exf6 Nxf6 10. O-O Bd6 11. Nf3 O-O 12. Bg5 Bd7 13. Rc1 Be8 {C06: French Tarrasch: 3...Nf6 4 e5 Nfd7 5 Bd3 main lines.} 14. Ng3 h6 15. Bd2 Nh5 {[#] The position is equal.} 16. Re1 $146 ({Predecessor:} 16. Bc3 Nf4 17. Bb1 h5 18. Ne5 Bxe5 19. dxe5 Qg5 20. Bd2 Nxe5 21. Rc7 h4 22. Rxb7 {½-½ (30) Vidic,T (2195)-Olenik Campa,R (2050) Portoroz 2020}) 16... Nxg3 17. hxg3 Bh5 18. Bc3 Qf6 {[%cal Rh5f3]} 19. Qd2 ({White should try} 19. Bb1 $11) 19... Bxf3 $15 20. gxf3 Qxf3 {And now ...Bxg3! would win.} 21. Re3 Qg4 {White must now prevent ...Bf4.} 22. Be2 $2 {[#] White does not recover from this.} (22. Qe2 $15 Qxe2 23. Bxe2) 22... Qg5 $1 $19 23. Rxe6 $2 {[#]} (23. Qd3 {is tougher.} Bf4 {[%mdl 64] Skewer} 24. Bd2) 23... Bf4 $1 {[%cal Rf4d2][%mdl 64] Skewer. Black is clearly winning.} 24. Qc2 {Black should prevent Rg6.} Bxc1 25. Bd3 Rf6 26. Rxf6 gxf6 27. Kf1 Re8 28. b4 {[#]} Qg4 $1 29. Kg2 (29. Be2 Nxd4) 29... Bf4 30. Bf5 {[#]} Re2 $1 {[%mdl 512] Weighted Error Value: White=0.69/Black=0.27} 0-1

[Event "Belgrade Spring Open 2021"]
[Site "Belgrade"]
[Date "2021.04.04"]
[Round "4.10"]
[White "Draskovic, Luka"]
[Black "Petrusic, Velimir"]
[Result "1-0"]
[WhiteElo "2472"]
[BlackElo "2110"]
[Annotator "TA"]
[PlyCount "56"]
[EventDate "2021.04.02"]
[EventType "swiss"]
[EventCountry "SRB"]
[SourceTitle "playchess.com"]
[Source "ChessBase"]
[SourceQuality "1"]

{[%evp 9,56,44,56,53,62,58,64,70,73,51,83,77,121,97,127,121,116,102,124,112,130,137,295,308,309,301,510,504,507,508,498,466,450,507,442,495,542,565,887,862,976,1025,1014,1005,1093,1102,1077,1081,1092]} 1. e4 Nc6 2. d4 d5 3. e5 f6 4. f4 Nh6 5. c3 Bg4 6. Be2 {B00: Queen's Fianchetto Defence, Nimzowitsch Defence.} Bf5 7. Nf3 e6 8. O-O {White is slightly better.} Be7 {[#]} 9. h3 $146 ({Predecessor:} 9. Kh1 Qd7 10. b4 Be4 11. Nbd2 f5 12. Nb3 Nf7 13. b5 Nb8 14. a4 a6 15. Bb2 {½-½ (23) Habada,J (1910)-Borovicka,B (2035) Ostrava 2009}) 9... Qd7 10. Be3 Be4 11. Nbd2 f5 12. Ng5 O-O 13. Qe1 Nf7 14. Ngxe4 dxe4 15. g4 g5 $2 (15... g6 $16 {was necessary.} 16. b4 Kh8) 16. gxf5 $18 exf5 17. Bc4 {[#] Black must now prevent e6.} Qd8 $2 (17... Qe8 18. fxg5 Na5) 18. fxg5 {White is clearly winning.} Kh8 19. h4 Nxg5 20. hxg5 ({Worse is} 20. Bxg5 Bxg5 21. hxg5 Qxg5+ 22. Kf2 Nxe5 $11) 20... Bxg5 {intending ...Na5.} 21. Qg3 Bxe3+ 22. Qxe3 Qh4 {[#] ( -> ...Rg8+!)} 23. Rf2 f4 24. Qxe4 Rg8+ 25. Bxg8 Rxg8+ 26. Rg2 Rg3 27. Rxg3 Qxg3+ 28. Qg2 Qe3+ {Black got outplayed after the opening.  Weighted Error Value: White=0.02/Black=0.39} 1-0

[Event "Belgrade Spring Open 2021"]
[Site "Belgrade"]
[Date "2021.04.05"]
[Round "5.1"]
[White "Martirosyan, Haik M."]
[Black "Sargsyan, Shant"]
[Result "1/2-1/2"]
[WhiteElo "2620"]
[BlackElo "2598"]
[Annotator "TA"]
[PlyCount "28"]
[EventDate "2021.04.02"]
[EventType "swiss"]
[EventCountry "SRB"]
[SourceTitle "playchess.com"]
[Source "ChessBase"]
[SourceQuality "1"]

{[%evp 13,14,-10,0]} 1. e4 e5 2. Nf3 Nc6 3. Bb5 a6 4. Bxc6 dxc6 5. O-O Bg4 6. h3 h5 7. c3 {[#]} Qd3 $1 {[#]} {Predecessor:} 8. hxg4 $146 {C68: Ruy Lopez: Exchange Variation, sidelines.} hxg4 9. Nxe5 Bd6 10. Nxd3 Bh2+ 11. Kh1 Be5+ 12. Kg1 Bh2+ 13. Kh1 Bd6+ 14. Kg1 Bh2+ {½-½ (14) Guseinov,G (2665)-Firouzja,A (2728) Europe Chess INT 2020} 1/2-1/2

[Event "Belgrade Spring Open 2021"]
[Site "Belgrade"]
[Date "2021.04.05"]
[Round "5.2"]
[White "Kazakouski, Valery"]
[Black "Milosevic, Milos"]
[Result "1/2-1/2"]
[WhiteElo "2476"]
[BlackElo "2334"]
[Annotator "ChessBase"]
[PlyCount "91"]
[EventDate "2021.04.02"]
[EventType "swiss"]
[EventCountry "SRB"]
[SourceTitle "playchess.com"]
[Source "ChessBase"]
[SourceQuality "1"]
[TimeControl "5400+30"]

1. Nf3 {[%emt 1:30:30]} Nf6 {[%emt 0:09:00]} 2. c4 {[%emt 0:00:30]} c5 {[%emt 1:22:00]} 3. b3 {[%emt 0:00:00]} Nc6 {[%emt 0:00:30]} 4. Bb2 {[%emt 0:01:00]} e6 {[%emt 0:00:30]} 5. g3 {[%emt 0:00:00]} Be7 {[%emt 0:00:00]} 6. Bg2 {[%emt 0:00:00]} O-O {[%emt 0:00:00]} 7. O-O {[%emt 0:00:00]} d5 {[%emt 0:01:30]} 8. e3 {[%emt 0:02:00]} b6 {[%emt 0:00:00]} 9. Nc3 {[%emt 0:00:00]} Bb7 {[%emt 0:00:00]} 10. cxd5 {[%emt 0:00:00]} exd5 {[%emt 0:00:00]} 11. d4 {[%emt 0:00:00]} Rc8 12. Rc1 {[%emt 0:02:00]} Re8 {[%emt 0:02:30]} 13. Ne5 {[%emt 0:00:30]} Bf8 {[%emt 0:00:30]} 14. Nxc6 {[%emt 0:00:30]} Bxc6 {[%emt 0:00:30]} 15. dxc5 {[%emt 0:00:00]} bxc5 {[%emt 0:00:00]} 16. Ne2 {[%emt 0:01:00]} Ne4 {[%emt 0:01:00]} 17. Nf4 {[%emt 0:00:30]} a5 {[%emt 0:00:30]} 18. Qd3 {[%emt 0:00:30]} Rc7 {[%emt 0:00:30]} 19. Rfd1 {[%emt 0:00:00]} Rd7 {[%emt 0:00:30]} 20. Qc2 {[%emt 0:01:00]} Bb5 {[%emt 0:00:30]} 21. Ba3 {[%emt 0:00:30]} Nf6 {[%emt 0:00:30]} 22. Qf5 {[%emt 0:00:30]} g6 {[%emt 0:00:00]} 23. Qb1 {[%emt 0:00:30]} d4 {[%emt 0:00:00]} 24. exd4 {[%emt 0:00:30]} cxd4 {[%emt 0:01:30]} 25. Bxf8 {[%emt 0:00:00]} Kxf8 {[%emt 0:00:30]} 26. a4 {[%emt 0:00:00]} Be2 {[%emt 0:00:30]} 27. Nxe2 {[%emt 0:00:00]} Rxe2 {[%emt 0:00:00]} 28. Qd3 {[%emt 0:02:00]} Qe7 {[%emt 0:01:00]} 29. Bf3 {[%emt 0:00:30]} Re5 {[%emt 0:00:00]} 30. Rc4 {[%emt 0:00:30]} Re1+ {[%emt 0:00:00]} 31. Rxe1 {[%emt 0:00:00]} Qxe1+ {[%emt 0:00:00]} 32. Kg2 {[%emt 0:01:00]} Qe5 {[%emt 0:00:00]} 33. b4 {[%emt 0:00:00]} axb4 {[%emt 0:00:00]} 34. Rxb4 {[%emt 0:01:00]} Qd6 {[%emt 0:03:00]} 35. Qd2 {[%emt 0:00:30]} Kg7 {[%emt 0:00:00]} 36. a5 {[%emt 0:00:30]} d3 {[%emt 0:01:00]} 37. Rb6 {[%emt 0:00:30]} Qd4 {[%emt 0:00:30]} 38. Rb4 {[%emt 0:00:00]} Qd6 {[%emt 0:00:30]} 39. Rb3 {[%emt 0:01:00]} h5 {[%emt 0:00:30]} 40. h4 {[%emt 0:00:00]} Qd4 {[%emt 0:00:30]} 41. Rb4 {[%emt 0:00:00]} Qd6 {[%emt 0:00:00]} 42. Rb3 {[%emt 0:00:00]} Qd4 {[%emt 0:00:00]} 43. a6 {[%emt 0:02:00]} Ne4 {[%emt 0:00:00]} 44. Qb2 {[%emt 0:00:00]} Qxb2 {[%emt 0:00:31]} 45. Rxb2 {[%emt 0:00:00]} Nc5 {[%emt 0:00:08]} 46. Bb7 {[%emt 0:00:40]} 1/2-1/2